| 000 | 00521nam a22001697a 4500 | ||
|---|---|---|---|
| 999 |
_c11785 _d11785 |
||
| 003 | AR-CdUCM | ||
| 008 | 190405b ||||| |||| 00| 0 spa d | ||
| 040 |
_aMUNICIPALIDAD PROVINCIAL DEL CUSCO _cBIBLIOTECA MUNICIPAL DEL CUSCO |
||
| 082 |
_a869.56 / _bB38 / 1960 |
||
| 100 |
_aBendezu, Francisco _929330 |
||
| 245 | _aArte menor / | ||
| 260 |
_aLima : _bEscuela Nacional de Bellas Artes, _c1960. |
||
| 300 |
_a12 páginas ; _c14 cm. |
||
| 650 |
_aPoesía peruana. _9806 |
||
| 942 |
_2ddc _cLIBROS |
||
| 945 |
_awfj _d2019-04-05 |
||